|
|
|
|
| LEADER |
00621nta a2200181 i 4500 |
| 001 |
dipl144571 |
| 005 |
20250313200730.0 |
| 008 |
250313s2000 hu om 000 ger d |
| 040 |
|
|
|a SZTE Diploma Repozitórium
|b hun
|
| 041 |
|
|
|a ger
|
| 100 |
1 |
|
|a Gyöngyösi Katalin
|
| 245 |
1 |
4 |
|a Zur Mündlichkeit im DaF-Unterricht
|h [elektronikus dokumentum] /
|c Katalin Gyöngyösi
|
| 260 |
|
|
|c 2000
|
| 650 |
|
4 |
|a Bölcsészettudományok
|
| 650 |
|
4 |
|a Humanities
|
| 650 |
|
4 |
|a Languages and Literature
|
| 700 |
0 |
1 |
|a Schnieders Guido
|e ths
|
| 856 |
4 |
0 |
|u https://diploma.bibl.u-szeged.hu/id/eprint/144571/1/2000_gyongyosi_katalin.pdf
|z Dokumentum-elérés
|